A history of art in ancient Egypt from the french of Georges Perrot and Charles Chipiez

Gespeichert in:
Bibliographische Detailangaben
Hauptverfasser: Perrot, Georges (VerfasserIn), Chipiez, Charles (VerfasserIn)
Format: Buch
Sprache:Englisch
Veröffentlicht: Londres Chapman and Hall, Limited 1883
Ausgabe:1a. ed
Schlagworte:
Tags: Tag hinzufügen
Keine Tags, Fügen Sie den ersten Tag hinzu!

MARC

LEADER 00000nam a2200000 a 4500
001 UCJ7956
003 CL-VaPUC
008 070124e18830000UK |||||||||||||||||eng|d
082 0 4 |a 709  |b PER  |2 21 
100 0 |a Perrot, Georges  |e author  |9 516528 
700 0 |a Chipiez, Charles  |e author  |9 516529 
245 1 2 |a A history of art in ancient Egypt from the french of Georges Perrot and Charles Chipiez 
246 1 0 |a Translated and edited by Walter Armstrong, B.A., Oxon 
250 |a 1a. ed 
300 |a 2 v 
942 |c BK 
945 |d 20070124 00:00:00  |a rinostro 
260 |a Londres  |b Chapman and Hall, Limited  |c 1883 
500 |a 8§, tela lujo, plancha dorada.- Ilustraciones conforme a lo señalado en índices.- Advierte errata 
650 0 |a Historia del arte  |9 314877 
650 0 |a Arqueología   |9 265619 
650 0 |a Arte egipcio  |9 268997 
650 0 |a Ilustraciones  |9 369481 
650 7 |a PLANOS  |2 CL-VaPUC  |9 260106 
651 0 |a Egipto   |9 268199 
583 |a last modification  |c 20070124 00:00:00  |k Rodrigo Vera 
999 |c 323816  |d 323814 
952 |0 0  |1 0  |4 0  |6 709_000000000000000_PER_1883  |7 0  |8 X  |9 403633  |a FDOBUD  |b FDOBUD  |d 2019-11-22  |h v.1  |i 107072K  |o 709 PER 1883  |p 107072K  |r 2019-11-22  |w 2019-11-22  |y BK_X  |k BUD 
952 |0 0  |1 0  |4 0  |6 709_000000000000000_PER_1883  |7 0  |8 X  |9 403634  |a FDOBUD  |b FDOBUD  |d 2019-11-22  |h v.2  |i 1070738  |o 709 PER 1883  |p 1070738  |r 2019-11-22  |w 2019-11-22  |y BK_X  |k BUD